000 00960nam a2200241Ia 4500
003 GCL
008 140319s9999 xx 000 0 ara d
020 _a3475067977
040 _aGCL /
_cGCL
082 0 4 _a621.319
_bف د
100 1 _aفاروق محمد العامرى
245 1 0 _aالدوائر الالكترونية لحماية البيئة= ELECTRONICS FOR ENVIRONMENT PROTECTION :
_bتصميم 30 جهاز لحماية الانسان من اخطار تلوث البيئة /
_cفاروق محمد العامرى
250 _aالاولى
260 _aالقاهرة :
_bمركز ناصر للدراسات الالكترونية ،
_c1996
300 _a223 ص:
_bايض ؛
_c24 سم
490 _a
650 0 4 _aحماية البيئة
650 0 4 _aالضوضاء
650 0 4 _aالدوائر الالكترونية
650 0 4 _aالدوائر الكهربائية
650 0 4 _aالترانزستور - دوائر
942 _2ddc
_cBK
999 _c53494
_d53494